| 000 | 01501cam a2200133 4500500 | ||
|---|---|---|---|
| 005 | 20260405033531.0 | ||
| 041 | _afre | ||
| 042 | _adc | ||
| 100 | 1 | 0 |
_aRodman, Adam _eauthor |
| 245 | 0 | 0 | _aMédecine |
| 260 |
_bEDP Sciences,
_c2024. |
||
| 520 | _aPourquoi nos bras ne repoussent-ils pas ? Faut-il faire baisser la fièvre ? Comment savoir si un traitement fonctionne ? Les labos inventent-ils les maladies ? Le café est-il bon pour la santé ? La couverture maladie universelle, ça marche ? Placebo, vaccins, dépistage, diagnostic, traitements, éthique : le paysage de la médecine moderne est un lieu étonnant à explorer, qui ne cesse d’évoluer. Alors comment s’y retrouver, comprendre et relier les notions dans ce labyrinthe médical ? Avec des cartes bien sûr ! Ce livre aborde 8 thématiques en lien avec la médecine et pour chacune, propose une carte mentale permettant de se familiariser avec les concepts, suivie d’une série de questions-réponses, avec des illustrations, pour approfondir ! Avis aux curieux ! La collection Short Cuts vous invite à tracer vous-même votre chemin au travers des grands concepts de notre temps. Les cartes mentales vous permettent de visualiser et de comprendre les notions, et vous pourrez ensuite naviguer à votre gré pour trouver, en texte et en images, toutes les réponses à de multiples questions… Bon voyage ! | ||
| 856 | 4 | 1 | _uhttps://stm.cairn.info/medecine--9782759834518?lang=fr&redirect-ssocas=7080 |
| 999 |
_c2162605 _d2162605 |
||